00530nam a22001457a 4500008004100000020002200041050002100063100003500084245007600119260003200195300002100227500008500248650002900333650002200362140120t xxu||||| |||| 00| 0 eng d a978-607-32-0702-7 aHD58.8 H557 2011 aHernández Palomino, Jorge A. aDesarrollo organizacional / Jorge A. Hernández Palomino... [ et al. ] aMéxicob: Pearsonc, 2011 a358 p.c; 29 cm. aEducación Mixta Administración DESARROLLO ORGANIZACIONAL P15 (06 002574) 21. Cambio organizacional 22. Capital humano